000 01052nam a2200277Ia 4500
003 OSt
005 20201006152254.0
008 191128s2004 ck ad gr 000 0 spa d
020 _a9586483673
040 _aCO-JMCR
_cCO-JMCR
041 0 _aspa
082 0 4 _a657.32 /
_bC331e
_223
082 _b
100 1 _aCarvalho Betancur, Javier Alonso,
_eautor
_911298
245 1 0 _aEstados financieros :
_bnormas para preparación y presentación /
_cJavier A. Carvalho B.
250 _aPrimera Edición
260 _aBogotá :
_bEcoe Ediciones,
_c2004.
300 _a315 páginas
_bgráficos ;
_c24 cm.
490 0 _aTextos universitarios.
505 0 _aEstados finacieros -- Clasificación de los estados financieros -- Estados financieros comparativos -- Estados financieros certificados y dictaminados -- Otras características de los estados financieros
650 2 4 _aContabilidad
_97829
650 2 4 _aEstados financieros
_911299
650 2 4 _aEstados financieros-
_911300
650 2 4 _ainformes financieros
_911301
942 _2ddc
_cBK
999 _c4179
_d4179